000 00575nam a2200193Ia 4500
005 20250326140940.0
008 250326s9999 xx 000 0 und d
020 _a0-697-20173-2
037 _aTextbook
040 _aFMSL
_beng
_cFMSL
041 _aeng
_2eng
084 _aS4(X8A) N7
_qFMSL
100 _aBerry L M
_9743434
245 0 _aPsychology at work: An introduction to industrial and organizational psychology
_cBerry L M
260 _aBoston
_bBoston, McGraw-Hill
_c1997
300 _a578p
942 _cTB
_hS4(X8A) N7
999 _c1287998
_d1287998